000
00264nam a22001217a 4500
082
_a
823/MUR
100
_a
Sudha Murty
_9
82100
245
_a
Gently Falls The Bakula
260
_a
New Delhi
_b
Penguin Books
_c
2008
300
_a
169
650
_a
Fiction
942
_c
BK
999
_c
66441
_d
66441